| 000 | 00506nam a22001817a 4500 | ||
|---|---|---|---|
| 005 | 20231205165416.0 | ||
| 010 | _aENG-137639 | ||
| 020 |
_a9788183502689 _c645.00 |
||
| 035 | _aEN-121171 | ||
| 037 | _bDBAD/PUB | ||
| 082 | _a510 | ||
| 100 |
_aSharma, Anil K. _959533 |
||
| 245 |
_aMathematics: _bSelf-Tutor/ _cBy Anil K. Sharma |
||
| 260 |
_aNew Delhi _bSultan Chand _c2005 |
||
| 270 |
_aNew Delhi _bDelhi _e110002 |
||
| 300 |
_aVarious Pages _c24cm(pbk) |
||
| 942 |
_2ddc _cEN _h510 _kSHA |
||
| 999 |
_c196811 _d196811 |
||